ბათუმის შოთა რუსთაველის სახელმწიფო უნივერსიტეტის ბიბლიოთეკა

Жележобетонные конструкции: спец. курс. (ბიბ.ჩანაწერი № 38733)

000 -LEADER
fixed length control field 00786nam a2200229Ia 4500
001 - CONTROL NUMBER
control field 5050
003 - CONTROL NUMBER IDENTIFIER
control field GE_BSU
008 - FIXED-LENGTH DATA ELEMENTS--GENERAL INFORMATION
fixed length control field 181216s||||||||xx |||||||||||||| ||und||
040 ## - CATALOGING SOURCE
Transcribing agency GE_BSU
080 ## - UNIVERSAL DECIMAL CLASSIFICATION NUMBER
Universal Decimal Classification number 624.012.45(075.8)
100 ## - MAIN ENTRY--PERSONAL NAME
Personal name Байков,В.Н. Дроздов,П.Ф. Трифонов,И.А. и др.
245 ## - TITLE STATEMENT
Title Жележобетонные конструкции: спец. курс.
245 ## - TITLE STATEMENT
Remainder of title Учеб. пособие для вузов.
245 ## - TITLE STATEMENT
Statement of responsibility, etc. Под ред. В.Н.Байкова.
250 ## - EDITION STATEMENT
Edition statement Изд 3-ое, перераб.
260 ## - PUBLICATION, DISTRIBUTION, ETC.
Place of publication, distribution, etc. М.
260 ## - PUBLICATION, DISTRIBUTION, ETC.
Name of publisher, distributor, etc. Стройиздат.
260 ## - PUBLICATION, DISTRIBUTION, ETC.
Date of publication, distribution, etc. 1981.
300 ## - PHYSICAL DESCRIPTION
Extent 767стр.22см.с илл.Библиогр.:стр.747-749.
653 ## - INDEX TERM--UNCONTROLLED
Uncontrolled term Жележобетонные конструкции
942 ## - ADDED ENTRY ELEMENTS (KOHA)
Koha item type წიგნი
ეგზემპლარები
Withdrawn status Lost status Damaged status Not for loan Date acquired Barcode Date last seen Price effective from Koha item type
        2018-12-17 11439 2018-12-17 2018-12-17 წიგნი
        2018-12-17 11440 2018-12-17 2018-12-17 წიგნი